Wollongong Suburbs - Statistics

General Stats
  • This quiz has been taken 7 times
  • The average score is 56 of 110
Answer Stats
Suburb % Correct
Albion Park
100%
Austinmer
100%
Bulli
100%
Corrimal
100%
Dapto
100%
Figtree
100%
Kiama
100%
Thirroul
100%
Unanderra
100%
Albion Park Rail
86%
Balgownie
86%
Bellambi
86%
Coniston
86%
Fairy Meadow
86%
Oak Flats
86%
Port Kembla
86%
Warrawong
86%
Wollongong
86%
Woonona
86%
Bombo
71%
Coalcliff
71%
Coledale
71%
Gerringong
71%
Helensburgh
71%
Horsley
71%
Keiraville
71%
Kembla Grange
71%
Lake Illawarra
71%
Minnamurra
71%
North Wollongong
71%
Scarborough
71%
Shellharbour
71%
Towradgi
71%
Warilla
71%
West Wollongong
71%
Calderwood
57%
Cordeaux
57%
Cringila
57%
Dunmore
57%
East Corrimal
57%
Gwynneville
57%
Kiama Downs
57%
Koonawarra
57%
Lake Heights
57%
Mangerton
57%
Mount Keira
57%
Mount Kembla
57%
Mount Ousley
57%
Otford
57%
Primbee
57%
Shell Cove
57%
Stanwell Park
57%
Tarrawanna
57%
Windang
57%
Wombarra
57%
Barrack Heights
43%
Barrack Point
43%
Berkeley
43%
Blackbutt
43%
Cordeaux Heights
43%
Curramore
43%
Darkes Forest
43%
Dombarton
43%
Fernhill
43%
Gerroa
43%
Jamberoo
43%
Kanahooka
43%
Kembla Heights
43%
Mount Pleasant
43%
Mount Saint Thomas
43%
Mount Warrigal
43%
Rose Valley
43%
Russell Vale
43%
Tullimbar
43%
Werri Beach
43%
Yallah
43%
Avon
29%
Avondale
29%
Brownsville
29%
Carrington Falls
29%
Cataract
29%
Cleveland
29%
Clifton
29%
Farmborough Heights
29%
Flinders
29%
Foxground
29%
Haywards Bay
29%
Kiama Heights
29%
Lilyvale
29%
Maddens Plains
29%
Marshall Mount
29%
Shellharbour City Centre
29%
Stanwell Tops
29%
Wongawilli
29%
Yellow Rock
29%
Broughton Village
14%
Croom
14%
Huntley
14%
Jerrara
14%
Knights Hill
14%
Spring Hill
14%
Toolijooa
14%
Upper Kangaroo Valley
14%
Willow Vale
14%
Macquarie Pass
0%
North Macquarie
0%
Oak Heights
0%
Saddleback Mountain
0%
Tongarra
0%
Wollongong East
0%
No matching quizzes found
Score Distribution
Percent of People with Each Score
Percentile by Number Answered
Your Score History
You have not taken this quiz